000 00619nam a2200241 a 4500
999 _c5577
_d5577
001 5577
003 BD-JhCC
005 20171221110529.0
008 171218s19591960e a|||| || | 000 0 eng d
035 _a(BD-JhCC)5577
040 _aBD-JhCC
_dBD-JhCC
041 _aeng
082 _a914.09693
_bHER 1960
100 _aHerdman, T.
245 _aLongmans colour geographies Rivers of Europe unit 19 /
_cT. Herdman, M. Sc.
250 _a2nd ed.
260 _aLondon :
_bLongmans,
_c1960.
300 _a39 p. :
_bill. ;
_c20 cm.
650 _aRivers
_zEurope
650 _aTravel
942 _2ddc
_cBK